25 Most Famous Cities in Bangladesh on a Map - Statistics

General Stats
  • This quiz has been taken 100 times
  • The average score is 9 of 25
Answers on the Map
Answers color-coded by a green-red scale on the quiz's map according to % correct below.
 
Answer Stats
Wiki Monthly Views Cityquiz Mention Rate Population Answers % Correct
121.25K 54.07% 10295.41K Dhaka
99%
40.32K 19.11% 3230.26K Chittagong
93%
16.79K 6.31% 532.75K Sylhet
70%
9.38K 3.91% 719.47K Khulna
64%
19.69K 2.20% 196.37K Cox's Bazar
59%
9.12K 1.60% 553.24K Rajshahi
57%
5.73K 1.55% 708.53K Rangpur
57%
8.56K 0.84% 419.47K Barisal
50%
8.39K 0.96% 576.93K Mymensingh
49%
9.31K 0.85% 440.19K Comilla
39%
4.35K 0.70% 967.89K Narayanganj
37%
3.50K - 2677.40K Gazipur
36%
5.44K 0.94% 485.94K Bogra
34%
2.95K 0.56% 209.33K Jessore
33%
2.53K - 264.33K Brahmanbaria
25%
2.42K 0.38% 175.98K Pabna
21%
2.60K 0.27% 212.86K Tangail
21%
3.98K - 384.09K Savar
16%
3.01K 0.04% 52.72K Sandwip
14%
5.56K 0.06% 48.21K Sonargaon
14%
3.61K - 9.08K Kuakata
11%
2.51K - 361.80K Sreemangal
11%
2.41K - 42.61K Mongla
9%
3.26K - 105.75K Mujibnagar
7%
5.15K - 5.00K Daulatdia
1%
No matching quizzes found
Score Distribution
Percent of People with Each Score
Percentile by Number Answered
Your Score History
You have not taken this quiz